| 000 | 00792nam a22002297a 4500 | ||
|---|---|---|---|
| 005 | 20170421140749.0 | ||
| 010 | _aB-535580-584 | ||
| 020 |
_a9789380658650 _c495.00 |
||
| 035 | _aB-535580-584 | ||
| 035 | _aB-667446 | ||
| 037 | _bDBAD/PUB | ||
| 037 |
_bUBH/Ven _adpl |
||
| 082 | _aN | ||
| 100 | _aShehryar Fazli | ||
| 245 |
_aInvitation / _cby Shehryar Fazli |
||
| 260 |
_aChennai _bTranquebar Press _c2011 |
||
| 270 |
_aVenkat Towers,165, P.H. Road, Maduravoyal _bChennai _e600095 |
||
| 300 |
_a385p.. _c23cm(Hb) |
||
| 942 |
_2ddc _cEN _mFAZ _hN |
||
| 999 |
_c89744 _d89744 |
||